[Event "Cologne Ford op 17th"]
[Site "Cologne"]
[Date "2011.04.18"]
[Round "2"]
[White "Schreiber, Gudrun"]
[Black "Behr, Ludwig"]
[Result "1-0"]
[WhiteElo "1487"]
[BlackElo "1236"]
[PlyCount "65"]
[EventDate "2011.04.12"]
[EventType "swiss"]
[EventRounds "7"]
[EventCountry "GER"]
[SourceTitle "EXT 2012"]
[Source "ChessBase"]
[SourceDate "2011.11.24"]
[SourceVersion "1"]
[SourceVersionDate "2011.11.24"]
[SourceQuality "1"]

1. e4 c5 2. Nf3 Nf6 3. Nc3 e6 4. d4 cxd4 5. Nxd4 d5 6. e5 Ne4 7. Nxe4 dxe4 8. Bb5+ Bd7 9. 0-0 Bc5 10. Bxd7+ Qxd7 11. c3 Nc6 12. Nxc6 Qxc6 13. Qg4 g6 14. Bg5 Be7 15. Bxe7 Kxe7 16. Qg5+ Kd7 17. Rad1+ Kc7 18. Qe7+ Kc8 19. Qxf7 b5 20. Rd6 Qe8 21. Qxe6+ Qxe6 22. Rxe6 Kb7 23. Rd1 Rad8 24. Red6 Kc7 25. Rxd8 Rxd8 26. Rd4 Rxd4 27. cxd4 Kd7 28. Kf1 Ke6 29. Ke2 Kd5 30. b4 a6 31. a3 h6 32. Ke3 g5 33. g4 1-0

[Event "Cologne Chess Days op"]
[Site "Cologne"]
[Date "2009.08.29"]
[Round "6"]
[White "Melters, Hans"]
[Black "Schreiber, Gudrun"]
[Result "0-1"]
[WhiteElo "1239"]
[BlackElo "1381"]
[PlyCount "70"]
[EventDate "2009.08.27"]
[EventType "swiss"]
[EventRounds "7"]
[EventCountry "GER"]
[SourceTitle "EXT 2011"]
[Source "ChessBase"]
[SourceDate "2010.11.26"]
[SourceVersion "1"]
[SourceVersionDate "2010.11.26"]
[SourceQuality "1"]

1. e4 e6 2. d4 d5 3. e5 c5 4. c3 Nc6 5. Nf3 Bd7 6. Bb5 Qb6 7. Bxc6 bxc6 8. b3 Ne7 9. 0-0 cxd4 10. cxd4 Nf5 11. Nc3 c5 12. Be3 Be7 13. Na4 Bxa4 14. bxa4 Nxe3 15. fxe3 0-0 16. Rb1 Qc7 17. Rb5 a6 18. Rb3 Rab8 19. Rc3 c4 20. Rc2 Rb4 21. Rcf2 Qa5 22. h4 Rxa4 23. Qb1 Rb4 24. Qc2 h6 25. g4 Qa3 26. g5 Qxe3 27. gxh6 Qxh6 28. Ng5 Bxg5 29. hxg5 Qxg5+ 30. Kh1 Qh4+ 31. Rh2 Qe4+ 32. Qxe4 dxe4 33. Re2 c3 34. Rxe4 c2 35. Re2 Rb1 0-1

[Event "Cologne Chess Days op"]
[Site "Cologne"]
[Date "2009.08.28"]
[Round "3"]
[White "Schreiber, Gudrun"]
[Black "Bender, Jakob"]
[Result "1-0"]
[WhiteElo "1381"]
[BlackElo "1442"]
[PlyCount "35"]
[EventDate "2009.08.27"]
[EventType "swiss"]
[EventRounds "7"]
[EventCountry "GER"]
[SourceTitle "EXT 2011"]
[Source "ChessBase"]
[SourceDate "2010.11.26"]
[SourceVersion "1"]
[SourceVersionDate "2010.11.26"]
[SourceQuality "1"]

1. e4 d6 2. d4 Nf6 3. Nc3 g6 4. f4 Bg7 5. Be2 0-0 6. Nf3 b6 7. 0-0 Bb7 8. e5 dxe5 9. dxe5 Ne4 10. Nxe4 Bxe4 11. Be3 Nc6 12. c3 Qc8 13. Qa4 Rd8 14. Qxe4 Qe6 15. Ng5 Qd7 16. Bb5 f6 17. Qxc6 Qc8 18. Qc4+ 1-0

[Event "Cologne Chess Days op"]
[Site "Cologne"]
[Date "2009.08.28"]
[Round "2"]
[White "Van Schyndel, Andreas"]
[Black "Schreiber, Gudrun"]
[Result "1-0"]
[WhiteElo "1696"]
[BlackElo "1381"]
[PlyCount "71"]
[EventDate "2009.08.27"]
[EventType "swiss"]
[EventRounds "7"]
[EventCountry "GER"]
[SourceTitle "EXT 2011"]
[Source "ChessBase"]
[SourceDate "2010.11.26"]
[SourceVersion "1"]
[SourceVersionDate "2010.11.26"]
[SourceQuality "1"]

1. e4 e6 2. d4 d5 3. Nc3 Bb4 4. e5 c5 5. Qg4 Ne7 6. dxc5 Bxc3+ 7. bxc3 Qc7 8. Nf3 Qxc5 9. Bd2 Nbc6 10. Qxg7 Rg8 11. Qxh7 Bd7 12. Qd3 0-0-0 13. Be3 Qa5 14. g3 Rg4 15. Be2 Ra4 16. 0-0 Rxa2 17. Rxa2 Qxa2 18. h4 Rh8 19. Bg5 Ng8 20. Kg2 Nce7 21. Nd4 a6 22. h5 b5 23. Nb3 Qa4 24. Ra1 Qc4 25. Rxa6 Qxd3 26. cxd3 Bc6 27. Nd4 Kb7 28. Ra1 Nc8 29. Rb1 Na7 30. g4 Ka6 31. Kg3 Kb6 32. Be3 Kc7 33. Nxe6+ fxe6 34. Bxa7 Ne7 35. Bc5 Nc8 36. d4 1-0

[Event "Cologne Ford op"]
[Site "Cologne"]
[Date "2009.06.08"]
[Round "6"]
[White "Schreiber, Gudrun"]
[Black "Brinkmann, Katharina"]
[Result "0-1"]
[WhiteElo "1369"]
[BlackElo "1522"]
[PlyCount "120"]
[EventDate "2009.04.27"]
[EventType "swiss"]
[EventRounds "7"]
[EventCountry "GER"]
[SourceTitle "EXT 2011"]
[Source "ChessBase"]
[SourceDate "2010.11.26"]
[SourceVersion "1"]
[SourceVersionDate "2010.11.26"]
[SourceQuality "1"]

1. e4 c5 2. Nf3 d6 3. d4 cxd4 4. Nxd4 Nc6 5. Bc4 g6 6. 0-0 Bg7 7. Nxc6 bxc6 8. c3 Nf6 9. Qe2 Qc7 10. Nd2 0-0 11. f4 e6 12. Nf3 Nd7 13. f5 exf5 14. exf5 d5 15. Bd3 Nc5 16. fxg6 fxg6 17. Ng5 Rxf1+ 18. Qxf1 Nxd3 19. Qxd3 Qb6+ 20. Kh1 Bf5 21. Qe2 c5 22. g4 Bd7 23. h4 Re8 24. Qf2 Qf6 25. Qxf6 Re1+ 26. Qf1 Rxf1+ 27. Kg2 Rd1 28. Kf3 Rg1 29. Kf2 Rxg4 30. Bd2 Rxh4 31. Nf3 Re4 32. Rd1 d4 33. cxd4 cxd4 34. Ba5 h5 35. Bc7 Bf6 36. Bb8 Bb5 37. Rd2 a6 38. Ba7 d3 39. b3 Re2+ 40. Kf1 Rxd2 41. Nxd2 g5 42. a4 Bd7 43. Be3 g4 44. Bf4 Kf7 45. Ne4 Be7 46. Kf2 Kg6 47. Ke3 Be6 48. Nd2 Bf5 49. Nc4 Bg5 50. b4 g3 51. Bxg5 Kxg5 52. Kf3 h4 53. b5 axb5 54. axb5 Bc8 55. b6 Bb7+ 56. Ke3 g2 57. Kf2 Kg4 58. Ne3+ Kh3 59. Kg1 d2 60. Nd1 Kg3 0-1

[Event "Cologne Ford op"]
[Site "Cologne"]
[Date "2009.05.25"]
[Round "5"]
[White "Linke, Michael"]
[Black "Schreiber, Gudrun"]
[Result "1-0"]
[WhiteElo "1632"]
[BlackElo "1369"]
[PlyCount "103"]
[EventDate "2009.04.27"]
[EventType "swiss"]
[EventRounds "7"]
[EventCountry "GER"]
[SourceTitle "EXT 2011"]
[Source "ChessBase"]
[SourceDate "2010.11.26"]
[SourceVersion "1"]
[SourceVersionDate "2010.11.26"]
[SourceQuality "1"]

1. e4 e6 2. d4 d5 3. Nc3 Bb4 4. e5 c5 5. a3 Bxc3+ 6. bxc3 Qc7 7. Qg4 Ne7 8. Qxg7 Rg8 9. Qxh7 cxd4 10. Ne2 Nbc6 11. f4 Bd7 12. Qd3 dxc3 13. Nxc3 a6 14. Rb1 0-0-0 15. Qxa6 Nd4 16. Qa8+ Qb8 17. Qxb8+ Kxb8 18. Kd2 Bc6 19. Rb4 Ndf5 20. Kd3 d4 21. Ne4 Nd5 22. Rb2 Nde3 23. Bxe3 dxe3+ 24. Nd6 Nxd6 25. exd6 Rxd6+ 26. Kxe3 Rd1 27. h4 Ra1 28. h5 Rxa3+ 29. Bd3 f5 30. h6 Rh8 31. Kd4 Ra5 32. Rh2 Rd5+ 33. Ke3 Rdd8 34. Rb1 Rdg8 35. Kd4 Rxg2 36. Rxg2 Bxg2 37. Rg1 Bc6 38. Rg6 Kc7 39. Ke5 Kd7 40. Rxe6 Be4 41. Rg6 Bxd3 42. cxd3 b5 43. Kd5 Ke7 44. Kc5 Rb8 45. h7 Kf7 46. Rg8 Rxg8 47. hxg8Q+ Kxg8 48. Kxb5 Kf7 49. Kc5 Ke6 50. Kc6 Ke7 51. Kd5 Kf6 52. Kd6 1-0

[Event "Cologne Ford op"]
[Site "Cologne"]
[Date "2009.05.18"]
[Round "4"]
[White "Schreiber, Gudrun"]
[Black "Kronseder, Michael"]
[Result "1-0"]
[WhiteElo "1369"]
[BlackElo "1520"]
[PlyCount "23"]
[EventDate "2009.04.27"]
[EventType "swiss"]
[EventRounds "7"]
[EventCountry "GER"]
[SourceTitle "EXT 2011"]
[Source "ChessBase"]
[SourceDate "2010.11.26"]
[SourceVersion "1"]
[SourceVersionDate "2010.11.26"]
[SourceQuality "1"]

1. e4 d6 2. d4 Nf6 3. Nc3 g6 4. f4 Bg7 5. Nf3 c5 6. dxc5 Qa5 7. Bd3 Qxc5 8. Qe2 0-0 9. Be3 Qb4 10. 0-0 Qxb2 11. Nb5 Na6 12. Rfb1 1-0

[Event "Leverkusen-ch op"]
[Site "Leverkusen"]
[Date "2007.01.08"]
[Round "1"]
[White "Gnass, Arno"]
[Black "Schreiber, Gudrun"]
[Result "1-0"]
[WhiteElo "1971"]
[BlackElo "1302"]
[PlyCount "107"]
[EventDate "2007.01.08"]
[EventType "swiss"]
[EventRounds "7"]
[EventCountry "GER"]
[SourceTitle "EXT 2008"]
[Source "ChessBase"]
[SourceDate "2007.11.25"]
[SourceVersion "1"]
[SourceVersionDate "2007.11.25"]
[SourceQuality "1"]

1. d4 Nf6 2. c4 g6 3. Nc3 Bg7 4. e4 d6 5. Nf3 0-0 6. Be2 e5 7. d5 a5 8. 0-0 Na6 9. h3 Nc5 10. Qc2 Ne8 11. Be3 b6 12. a3 f5 13. Bxc5 bxc5 14. Bd3 f4 15. Rab1 g5 16. Rfe1 g4 17. hxg4 Bxg4 18. Nh2 Qg5 19. Nxg4 Qxg4 20. f3 Qg5 21. b4 axb4 22. axb4 cxb4 23. Rxb4 h5 24. Ra4 Rxa4 25. Qxa4 h4 26. Qd7 Qg3 27. Re2 Qg6 28. Qh3 Bf6 29. Nd1 Kg7 30. Nf2 Rf7 31. Qg4 Qxg4 32. Nxg4 Bg5 33. Rc2 Nf6 34. Nf2 Nd7 35. Rb2 Kh6 36. Ra2 Rg7 37. Bf1 Nc5 38. Ra8 Kh7 39. Rc8 Kg6 40. Ng4 Nb3 41. Kf2 Rh7 42. Ke2 Nc5 43. Kd2 Kh5 44. Nf2 Nb3+ 45. Kc3 Nc5 46. Kb4 Rd7 47. Kb5 Rd8 48. Rxd8 Bxd8 49. Kc6 Na6 50. Nd3 Kg5 51. Kb7 Nc5+ 52. Nxc5 dxc5 53. Kc8 Be7 54. Kxc7 1-0

[Event "Troisdorf op"]
[Site "Troisdorf"]
[Date "2006.11.28"]
[Round "6"]
[White "Schreiber, Gudrun"]
[Black "Schreiber, Peter"]
[Result "0-1"]
[WhiteElo "1291"]
[BlackElo "1711"]
[PlyCount "80"]
[EventDate "2006.10.24"]
[EventType "swiss"]
[EventRounds "7"]
[EventCountry "GER"]
[SourceTitle "EXT 2011"]
[Source "ChessBase"]
[SourceDate "2010.11.26"]
[SourceVersion "1"]
[SourceVersionDate "2010.11.26"]
[SourceQuality "1"]

1. e4 e5 2. Nf3 Nc6 3. Bc4 Bc5 4. c3 Nf6 5. d4 exd4 6. cxd4 Bb4+ 7. Bd2 Bxd2+ 8. Nbxd2 Nxe4 9. Nxe4 d5 10. Bd3 dxe4 11. Bxe4 0-0 12. 0-0 h6 13. h3 Qf6 14. Bxc6 Qxc6 15. Rc1 Qd6 16. Re1 c6 17. Qb3 Rb8 18. Qc3 Be6 19. b3 Rbd8 20. Qc5 Qf4 21. Qe5 Qxe5 22. dxe5 Rd3 23. Kh2 Rfd8 24. Re2 Kf8 25. Rcc2 Ke7 26. Rcd2 a5 27. Rxd3 Rxd3 28. Rd2 Rxd2 29. Nxd2 a4 30. f4 axb3 31. axb3 c5 32. g4 b5 33. Kg2 c4 34. bxc4 bxc4 35. Ne4 Bd5 36. Kf2 Bxe4 37. Ke3 c3 38. Ke2 Ke6 39. h4 g5 40. hxg5 hxg5 0-1

[Event "Troisdorf op"]
[Site "Troisdorf"]
[Date "2006.11.07"]
[Round "3"]
[White "Wenner, Heinz"]
[Black "Schreiber, Gudrun"]
[Result "1-0"]
[WhiteElo "1773"]
[BlackElo "1291"]
[PlyCount "79"]
[EventDate "2006.10.24"]
[EventType "swiss"]
[EventRounds "7"]
[EventCountry "GER"]
[SourceTitle "EXT 2011"]
[Source "ChessBase"]
[SourceDate "2010.11.26"]
[SourceVersion "1"]
[SourceVersionDate "2010.11.26"]
[SourceQuality "1"]

1. e4 e6 2. d4 d5 3. Nc3 Bb4 4. e5 c5 5. a3 Bxc3+ 6. bxc3 Qc7 7. a4 b6 8. Bb5+ Bd7 9. Qg4 Ne7 10. f4 cxd4 11. Ne2 a6 12. Bd3 Nbc6 13. 0-0 dxc3 14. Ba3 g6 15. Rfb1 0-0 16. Nxc3 Rfe8 17. Nd1 Nf5 18. Qe2 a5 19. g4 Nh6 20. Ne3 Kg7 21. Qg2 d4 22. Nc4 Nb4 23. h4 Nxd3 24. cxd3 Bc6 25. Qg3 Ng8 26. Rxb6 f6 27. Bd6 Qc8 28. Qe1 Bd5 29. Rc1 Qd7 30. Rb5 Qd8 31. Nb6 Ra7 32. Qf2 Ne7 33. Qxd4 h5 34. Nxd5 Qa8 35. exf6+ Kf7 36. Nxe7 Qf3 37. gxh5 Qg3+ 38. Kf1 Raxe7 39. hxg6+ Kg8 40. f7+ 1-0

[Event "Troisdorf op"]
[Site "Troisdorf"]
[Date "2006.10.31"]
[Round "2"]
[White "Schreiber, Gudrun"]
[Black "Trube, Dieter"]
[Result "1-0"]
[WhiteElo "1291"]
[BlackElo "1689"]
[PlyCount "63"]
[EventDate "2006.10.24"]
[EventType "swiss"]
[EventRounds "7"]
[EventCountry "GER"]
[SourceTitle "EXT 2011"]
[Source "ChessBase"]
[SourceDate "2010.11.26"]
[SourceVersion "1"]
[SourceVersionDate "2010.11.26"]
[SourceQuality "1"]

1. e4 e5 2. Nf3 Nc6 3. Bc4 Nf6 4. d4 exd4 5. 0-0 Nxe4 6. Re1 d5 7. Bxd5 Qxd5 8. Nc3 Qd8 9. Nxe4 Be7 10. Bg5 f6 11. Nxf6+ gxf6 12. Bxf6 Rg8 13. Bxe7 Nxe7 14. Nxd4 Qd5 15. f3 Bh3 16. g3 Rd8 17. c3 Kf7 18. Qe2 Rge8 19. Kf2 c5 20. Nb5 Rd7 21. Rad1 Qxa2 22. g4 Rxd1 23. Rxd1 Nc8 24. Qc2 Kg8 25. Rd7 Re7 26. Rd8+ Kg7 27. Rxc8 Qc4 28. Nd6 Qf1+ 29. Kg3 Bxg4 30. Kxg4 h5+ 31. Kf4 Re6 32. Rc7+ 1-0

[Event "Troisdorf op"]
[Site "Troisdorf"]
[Date "2006.10.24"]
[Round "1"]
[White "Vitz, Hans Joachim"]
[Black "Schreiber, Gudrun"]
[Result "1-0"]
[WhiteElo "1789"]
[BlackElo "1291"]
[PlyCount "53"]
[EventDate "2006.10.24"]
[EventType "swiss"]
[EventRounds "7"]
[EventCountry "GER"]
[SourceTitle "EXT 2011"]
[Source "ChessBase"]
[SourceDate "2010.11.26"]
[SourceVersion "1"]
[SourceVersionDate "2010.11.26"]
[SourceQuality "1"]

1. Nc3 Nf6 2. e4 d6 3. d4 e5 4. Nf3 Bg4 5. dxe5 Bxf3 6. Qxf3 dxe5 7. Bg5 Bb4 8. Rd1 Nbd7 9. Bc4 Qe7 10. 0-0 Bxc3 11. Qxc3 h6 12. Bxf6 Nxf6 13. Bb5+ Kf8 14. Rfe1 g6 15. f4 Kg8 16. fxe5 Ng4 17. Rd7 Qxe5 18. Qxe5 Nxe5 19. Rxc7 a6 20. Ba4 b6 21. Bb3 Rb8 22. Re7 Rf8 23. Rxe5 Kg7 24. Rd1 Kf6 25. Red5 Re8 26. Rd6+ Ke5 27. Bxf7 1-0